000 00776cab a2200253 4500
001 WB3216-14
008 090401t1996 xxu||||| |||| 00| 0 eng d
035 _a(Sirsi) u73864
041 _aeng
245 _aSecondary rental hit
260 _c1996
350 _a0
490 _aRetail Week
_v19 April 1996, 7(1)
520 _aAccording to the Hillier Parker/ Retail Week Property Indicator, the gap between prime and secondary rental values is increasing in almost all regions. Graph.
650 _aHILLIER PARKER
650 _aPRIME RENTS
650 _aPROPERTY INDICATORS
650 _aRENTAL VALUES
650 _aRETAIL RENTS
650 _aSECONDARY PROPERTY
690 _aPROPERTY-COMMERCIAL PROPERTY-RETAIL PROPERTY
942 _n0
948 _c04/03/1997
999 _c46621
_d46621